000 00748cab a2200253 4500
001 WB3226-14
008 090401t1996 xxu||||| |||| 00| 0 eng d
035 _a(Sirsi) u44813
041 _aeng
245 _aCost of moving
260 _c1996
350 _a0
490 _aNegotiator
_v11(3) 28 June 1996, 6(1)
520 _aSummarises the findings of the "Cost of moving survey", which indicates that home movers can make big savings by shopping around for estate agency and conveyancing services.
650 _aCONVEYANCING FEES
650 _aCOST OF MOVING SURVEY
650 _aCOSTS
650 _aESTATE AGENCY FEES
650 _aMOVING HOUSE
650 _aSTAMP DUTY
690 _aHOUSING
942 _n0
948 _c04/03/1997
999 _c28476
_d28476